000 00307nam a2200121 i 4500
001 bg
245 0 _aPodstawowe dane o miastach i gminach województwa koszalińskiego w 1981 r.
260 _aKoszalin,
_c1982.
040 _cBPK
041 _apol
942 _cKS
008 s pl f |000 0 pol
999 _c20679
_d20679
856 _uhttp://koha.tu.koszalin.pl/cgi-bin/koha/opac-detail.pl?biblionumber=20679
_yKatalog online BPK